000 00762nam a2200205 a 4500
003 0
005 20250220121401.0
008 111115s19uu xx 00 eng d
050 _aPGS GV 1469.3.S78
_b.Ag283 2011
100 _aAguila, Norielle E.
245 _aExtent of computer gaming and self confidence of SISC students /
_cNorielle E. Aguila.
260 _aLas PiƱas City, Philippines :
_bSouthville International School and Colleges,
_c2011.
300 _a25 pages :
_billustrations ;
_c28 cm.
504 _aIncludes bibliographical references.
650 _aComputer games
_vPsychological aspects.
650 _aSelf-confidence
_vChildren.
650 _aSelf-esteem
_vStudents.
650 _aVideo games
_vEffects on self-esteem.
942 _2lcc
_cPASS
999 _c98680
_d98680